Kniha lesů, vod a strání /

Uložené v:
Podrobná bibliografia
Hlavný autor: Neumann, Stanislav Kostka, 1875-1947 (Author)
Ďalší autori: Čapek, Josef, 1887-1945 (Illustrator)
Médium: Kniha
Jazyk:Czech
Vydané: Praha : Československý spisovatel, 1960
Vydanie:10. vyd., v Čs. spis. 3. vyd.
ISBN: (viaz.)
Fyzický popis: 134, [7] s. : il.
Tagy: Pridať tag
Žiadne tagy, Buďte prvý kto otaguje tento záznam!

MARC

LEADER 00000nam a22000001 4500
001 000434721
005 20130912171116.0
008 980422s1960 xr e cze d
020 |a (viaz.)  |c Kčs 12,00 
040 |a SVKKK  |b slo  |c SVKKK  |e AACR2 
041 0 |a cze 
044 |a xr  |c CZ 
100 1 |a Neumann, Stanislav Kostka,  |d 1875-1947  |4 aut 
245 1 0 |a Kniha lesů, vod a strání /  |c Stanislav K. Neumann ; il. Josef Čapek. 
250 |a 10. vyd., v Čs. spis. 3. vyd. 
260 |a Praha :  |b Československý spisovatel,  |c 1960  |f (Mír 22) 
300 |a 134, [7] s. :  |b il. 
366 |e 7000 výt. 
700 1 |a Čapek, Josef,  |d 1887-1945  |4 ill 
910 |a svkkk 
998 |a BK 
090 |g SCKHL  |k Sklad Pribinova prízemie  |a I.14740  |j 194070  |i 2720387613  |s Prezenčne 
090 |g SCKHL  |k Sklad Pribinova prízemie  |a I.15845  |j 260910  |i 2720384142  |s Prezenčne